书目信息 |
| 题名: |
雅士汇聚名楼
|
|
| 作者: | 李姗姗 主编 | |
| 分册: | ||
| 出版信息: | 汕头 汕头大学出版社 2017 |
|
| 页数: | 122页 | |
| 开本: | 23cm | |
| 丛书名: | ||
| 单 册: | ||
| 中图分类: | K928.74 | |
| 科图分类: | ||
| 主题词: | 楼阁--lou ge--名胜古迹--介绍--中国 | |
| 电子资源: | ||
| ISBN: | 978-7-5658-2849-2 | |
| 000 | 00796nam0 2200241 450 | |
| 001 | 2334474844 | |
| 005 | 20231109170823.59 | |
| 010 | @a978-7-5658-2849-2@dCNY32.00 | |
| 100 | @a20170907d2017 em y0chiy50 ea | |
| 101 | 0 | @achi |
| 102 | @aCN@b440000 | |
| 105 | @aa z 000yy | |
| 200 | 1 | @a雅士汇聚名楼@Aya shi hui ju ming lou@f李姗姗主编 |
| 210 | @a汕头@c汕头大学出版社@d2017 | |
| 215 | @a122页@c彩图@d23cm | |
| 300 | @a中华复兴之光 千秋名胜古迹 | |
| 330 | @a本书主要介绍了岳阳楼、黄鹤楼、滕王阁等著名古代楼阁的由来、规模形制、兴衰毁修、名人故事等历史知识及其人文内涵。 | |
| 606 | 0 | @a楼阁@Alou ge@x名胜古迹@x介绍@y中国 |
| 690 | @aK928.74@v5 | |
| 701 | 0 | @a李姗姗@Ali shan shan@4主编 |
| 801 | 2 | @aCN@b山东中教@c20230926 |
| 801 | 2 | @aCN@b山东中教@c20230926 |
| 905 | @aBZT@dK928.74@e13 | |
| 雅士汇聚名楼/李姗姗主编.-汕头:汕头大学出版社,2017 |
| 122页:彩图;23cm |
| 中华复兴之光 千秋名胜古迹 |
| ISBN 978-7-5658-2849-2:CNY32.00 |
| 本书主要介绍了岳阳楼、黄鹤楼、滕王阁等著名古代楼阁的由来、规模形制、兴衰毁修、名人故事等历史知识及其人文内涵。 |
| ● |
| 相关链接 |
|
|
|
正题名:雅士汇聚名楼
索取号:K928.74/13
 
预约/预借
| 序号 | 登录号 | 条形码 | 馆藏地/架位号 | 状态 | 备注 |
| 1 | 2000961029 | 2000961029 | 第四书库/四30架A面4层6列/ [索取号:K928.74/13] | 在馆 | |
| 2 | 2000961030 | 2000961030 | 第四书库/四30架A面4层6列/ [索取号:K928.74/13] | 在馆 | |
| 3 | 2000961031 | 2000961031 | 第四书库/四30架A面4层6列/ [索取号:K928.74/13] | 在馆 | |
| 4 | 2000961032 | 2000961032 | 第四书库/四30架A面4层6列/ [索取号:K928.74/13] | 在馆 | |
| 5 | 2000961033 | 2000961033 | 第四书库/四30架A面4层6列/ [索取号:K928.74/13] | 在馆 | |
| 6 | 2000961034 | 2000961034 | 第四书库/四30架A面4层6列/ [索取号:K928.74/13] | 在馆 |